Fr. Conceicao Rodrigues College of Engineering

Supply Chain Management:Concepts and cases (Record no. 34474)

MARC details
000 -LEADER
fixed length control field 00410nam a2200169Ia 4500
082 ## - DEWEY DECIMAL CLASSIFICATION NUMBER
Classification number 658.7
Item number MOH
100 ## - MAIN ENTRY--PERSONAL NAME
Personal name Altekar/Rahul V
245 ## - TITLE STATEMENT
Title Supply Chain Management:Concepts and cases
260 ## - PUBLICATION, DISTRIBUTION, ETC.
Name of publisher, distributor, etc. Prentice Hall of India
Date of publication, distribution, etc. 2005
366 ## - TRADE AVAILABILITY INFORMATION
Publishers's discount category 25
300 ## - PHYSICAL DESCRIPTION
Extent 453
546 ## - LANGUAGE NOTE
Language note ENGLISH
-- Info.Tech
650 ## - SUBJECT ADDED ENTRY--TOPICAL TERM
Topical term or geographic name entry element Supply Chain Management
654 ## - SUBJECT ADDED ENTRY--FACETED TOPICAL TERMS
Focus term supply chain management
942 ## - ADDED ENTRY ELEMENTS (KOHA)
Koha item type BOOK
Holdings
Withdrawn status Lost status Damaged status Not for loan Collection Home library Current library Date acquired Source of acquisition Cost, normal purchase price Inventory number Total Checkouts Full call number Barcode Date last seen Cost, replacement price Price effective from Koha item type
        CRC Fr. Agnel's C.Rodrigues College of Engineering Fr. Agnel's C.Rodrigues College of Engineering 17/03/2023 Allied Publishers 187.50 2716 dt 07/02/2013   658.7 MOH 22519 17/03/2023 250.00   BOOK
        CRC Fr. Agnel's C.Rodrigues College of Engineering Fr. Agnel's C.Rodrigues College of Engineering 17/03/2023 Allied Publishers 187.50 2716 dt 07/02/2013   658.7 MOH 22520 17/03/2023 250.00   BOOK
        CRC Fr. Agnel's C.Rodrigues College of Engineering Fr. Agnel's C.Rodrigues College of Engineering 17/03/2023 Allied Publishers 187.50 2716 dt 07/02/2013   658.7 MOH 22521 17/03/2023 250.00   BOOK
        CRC Fr. Agnel's C.Rodrigues College of Engineering Fr. Agnel's C.Rodrigues College of Engineering 17/03/2023 Allied Publishers 187.50 2716 dt 07/02/2013   658.7 MOH 22522 17/03/2023 250.00   BOOK
        CRC Fr. Agnel's C.Rodrigues College of Engineering Fr. Agnel's C.Rodrigues College of Engineering 17/03/2023 Allied Publishers 187.50 2716 dt 07/02/2013   658.7 MOH 22523 17/03/2023 250.00   BOOK